Tiếng Anh trong giao tiếp hàng ngày : Dùng kèm với một băng cassette = Everyday English speaking 2
Gồm 31 bài hội thoại song ngữ Anh - Việt cơ bản trong giao tiếp hàng ngày.
保存先:
| フォーマット: | 図書 |
|---|---|
| 言語: | Undetermined |
| 出版事項: |
Thành phố Hồ Chí Minh
Nxb. Thành phố Hồ Chí Minh
2005
|
| 主題: | |
| タグ: |
タグ追加
タグなし, このレコードへの初めてのタグを付けませんか!
|
| Thư viện lưu trữ: | Trung tâm Học liệu Trường Đại học Cần Thơ |
|---|
| LEADER | 00830nam a2200205Ia 4500 | ||
|---|---|---|---|
| 001 | CTU_228444 | ||
| 008 | 210402s9999 xx 000 0 und d | ||
| 082 | |a 428.34 | ||
| 082 | |b T306/T.2 | ||
| 245 | 0 | |a Tiếng Anh trong giao tiếp hàng ngày : | |
| 245 | 0 | |b Dùng kèm với một băng cassette = Everyday English speaking 2 | |
| 245 | 0 | |c Lê Huy Lâm, Phạm Văn Thuận (Biên dịch) | |
| 260 | |a Thành phố Hồ Chí Minh | ||
| 260 | |b Nxb. Thành phố Hồ Chí Minh | ||
| 260 | |c 2005 | ||
| 520 | |a Gồm 31 bài hội thoại song ngữ Anh - Việt cơ bản trong giao tiếp hàng ngày. | ||
| 650 | |a Tiếng Anh,English language | ||
| 650 | |x Nói tiếng Anh,Spoken english | ||
| 910 | |b nthai | ||
| 980 | |a Trung tâm Học liệu Trường Đại học Cần Thơ | ||